| 000 | 00732nam a2200229Ia 4500 | ||
|---|---|---|---|
| 003 | GCL | ||
| 005 | 20240530094809.0 | ||
| 008 | 140319s9999 xx 000 0 ara d | ||
| 040 |
_aGCL / _cGCL |
||
| 082 | 0 | 4 |
_a962 _bق/ج و |
| 100 | 1 | _aجلال امين | |
| 245 | 1 | 0 |
_aوصف مصر فى نهاية القرن العشرين / _cجلال امين |
| 250 | _aالاولى | ||
| 260 |
_aالقاهرة : _bدار الشروق ، _c2000 |
||
| 300 |
_a239 ص ؛ _c24 سم |
||
| 650 | 0 | 4 | _aمصر |
| 650 | 0 | 4 | _aالتعليم - مصر |
| 650 | 0 | 4 | _aمصر - العادات والتقاليد |
| 650 | 0 | 4 | _aمصر - السياسة والحكومة |
| 650 | 0 | 4 | _aمصر - تاريخ - العصر الحديث |
| 942 |
_2ddc _cBK |
||
| 999 |
_c1154 _d1154 |
||